<?xml version="1.0" encoding="UTF-8"?>
<record
    xmlns:xsi="http://www.w3.org/2001/XMLSchema-instance"
    xsi:schemaLocation="http://www.loc.gov/MARC21/slim http://www.loc.gov/standards/marcxml/schema/MARC21slim.xsd"
    xmlns="http://www.loc.gov/MARC21/slim">

  <leader>01183nem a2200241 i 4500</leader>
  <controlfield tag="001">40217</controlfield>
  <controlfield tag="003">ES-MaACL</controlfield>
  <controlfield tag="005">20230906160151.0</controlfield>
  <controlfield tag="007">t|</controlfield>
  <controlfield tag="008">030305s1864    sp        |   |0|1||spa d</controlfield>
  <datafield tag="110" ind1="2" ind2=" ">
    <subfield code="a">Espa&#xF1;a. </subfield>
    <subfield code="b">Direcci&#xF3;n General de Correos.</subfield>
    <subfield code="9">160394</subfield>
  </datafield>
  <datafield tag="245" ind1="1" ind2="0">
    <subfield code="a">Carta de Correos y Postas de las provincias de Huesca, Teruel y Zaragoza [</subfield>
    <subfield code="h">Material cartogr&#xE1;fico] / </subfield>
    <subfield code="c">trazada por la Direcci&#xF3;n General de Correos.</subfield>
  </datafield>
  <datafield tag="247" ind1="0" ind2="1">
    <subfield code="a">La h. pleg.: " Lista alfab&#xE9;tica correspondiente a la Carta de Correos y Postas de Arag&#xF3;n, con todas las poblaciones que tienen correo diario en las provincias de Huesca, Teruel y Zaragoza"</subfield>
  </datafield>
  <datafield tag="255" ind1=" " ind2=" ">
    <subfield code="a">Escala 1:500.000.</subfield>
  </datafield>
  <datafield tag="260" ind1=" " ind2=" ">
    <subfield code="a">[Madrid?] : </subfield>
    <subfield code="b">Direcci&#xF3;n General de Correos, </subfield>
    <subfield code="c">1864.</subfield>
  </datafield>
  <datafield tag="300" ind1=" " ind2=" ">
    <subfield code="a">1 h. pleg. : </subfield>
    <subfield code="b">1 map. col. ; </subfield>
    <subfield code="c">54,5 x 69,5 cm., pleg. en 14 x 10,5 cm.</subfield>
  </datafield>
  <datafield tag="501" ind1=" " ind2=" ">
    <subfield code="a">En el plano tabla de signos convencionales de conducciones y l&#xED;mites reflejados en el mapa.</subfield>
  </datafield>
  <datafield tag="507" ind1=" " ind2=" ">
    <subfield code="a">Escala expresada tambi&#xE9;n en leguas de 20.000 pies.</subfield>
  </datafield>
  <datafield tag="650" ind1=" " ind2="4">
    <subfield code="a">Postas-</subfield>
    <subfield code="z">Huesca-</subfield>
    <subfield code="v">Planos.</subfield>
    <subfield code="9">160416</subfield>
  </datafield>
  <datafield tag="650" ind1=" " ind2="4">
    <subfield code="a">Postas-</subfield>
    <subfield code="z">Teruel-</subfield>
    <subfield code="v">Planos.</subfield>
    <subfield code="9">160417</subfield>
  </datafield>
  <datafield tag="650" ind1=" " ind2="4">
    <subfield code="a">Postas-</subfield>
    <subfield code="z">Zaragoza-</subfield>
    <subfield code="v">Planos.</subfield>
    <subfield code="9">160418</subfield>
  </datafield>
  <datafield tag="852" ind1=" " ind2=" ">
    <subfield code="a">ES-MaACL</subfield>
    <subfield code="j">G-13395</subfield>
  </datafield>
  <datafield tag="999" ind1=" " ind2=" ">
    <subfield code="c">40217</subfield>
    <subfield code="d">40217</subfield>
  </datafield>
  <datafield tag="952" ind1=" " ind2=" ">
    <subfield code="0">0</subfield>
    <subfield code="1">0</subfield>
    <subfield code="4">0</subfield>
    <subfield code="7">0</subfield>
    <subfield code="a">ATENEOM</subfield>
    <subfield code="b">ATENEOM</subfield>
    <subfield code="c">SPP3</subfield>
    <subfield code="d">2008-01-17</subfield>
    <subfield code="e">SC</subfield>
    <subfield code="l">0</subfield>
    <subfield code="o">G-13395</subfield>
    <subfield code="p">1042340</subfield>
    <subfield code="r">2023-02-23 00:00:00</subfield>
    <subfield code="w">2023-02-23</subfield>
    <subfield code="y">CARTOGRAFI</subfield>
  </datafield>
</record>
